=LDR 00000nam 2200000 4500 =001 INLIS000000000047602 =005 20200324070622 =035 ##$$a 0010-011600000000060 =008 200324################g##########0#ind## =040 ##$$a NBPDMAT =082 ##$$a 297.26 =090 ##$$a 297.26$b Luk j =100 ##$$a Lukman Saksono =245 1#$$a Jalan pintas meraih jelar : Gelar BA, MA, MSc. MBA, MPA, Ph,D dan pendidikan sepanjang hidup menurut Al-Qur'an dan As-sunnah dan penerapannya / Lukman Saksono /$c Prof. Lukman Saksono, Ph.D.,Minst.,PM.MSc. =260 ##$$a Cimahi :$b [ s.l ],$c 1986 =300 ##$$a 192 hlm. ; $c 13 x 21 cm =500 ##$$a Bibliografi hlm : 192 =650 #4$$a Islam dan Pengetahuan Umum =850 ##$$a NBPDMAT =084 ##$$a 297.26 LUK j =990 ##$$a 51500619